Statistics for 25 Most Popular Celebrities In The World

Click here to take the quiz!

General Stats

  • This quiz has been taken 910 times
  • The average score is 13 of 20

Answer Stats

Most Popular Movie Answer % Correct
Pirates of the CaribbeanJohnny Depp
95%
TitanicLeonardo DiCaprio
92%
Forrest GumpTom Hanks
85%
The TerminatorArnold Schwarzenegger
85%
Men In BlackWill Smith
83%
Harry Potter SeriesDaniel Radcliffe
78%
Harry Potter SeriesEmma Watson
78%
Dumb and DumberJim Carrey
71%
The Wolverine SeriesHugh Jackman
69%
Rocky SeriesSylvester Stallone
65%
Good Will HuntingMatt Damon
59%
E.T (Producer)Steven Spielberg
56%
The Shawshank RedemptionMorgan Freeman
56%
Star Wars SeriesHarrison Ford
51%
GravityGeorge Clooney
48%
Minority ReportTom Cruise
45%
There's Something About MaryCameron Diaz
45%
FuryBrad Pitt
42%
The Great DictatorCharles Chaplin
29%
American Sniper (Director)Clint Eastwood
25%

Score Distribution

Percentile by Number Answered

Percent of People with Each Score

Your Score History

You have not taken this quiz